000 00518nam a22002057a 4500
003 UA-OsUOA
001 59253
007 ta
008 20090317b un ||||| |||| 00| 0 ukr d
090 _a94(477)
_bА27
942 _cSA
040 _aUA-OsUOA
_bukr
_cUA-OsUOA
_dUA-OsUOA
245 _a20 років Руху: піднесення та крах
300 _aС.4
955 _a0
041 _aukr
080 _a94(477)
773 0 _w59252
650 7 _a9 Географія. Біографії. Історія
_2UDC
999 _c345341
_d345341